Big hero six characters - Statistics

General Stats
  • This quiz has been taken 4 times
  • The average score is 7 of 12
Answer Stats
Hint Answer % Correct
white marshmellow looking robot baymax
100%
older hamada brother tadashi
100%
named after a spicy green sauce wasabi
100%
schools mascot fred
75%
Produces multi colored balls from her bag honey lemon
75%
The hamada brother's cat mochi
75%
masked man callahan
50%
creates a bike with an electromagnetic sespention gogo
50%
younger Hamada brother hiro
50%
masked mans daughter abigail
25%
The hamada brother's aunt cassie
0%
person who wanted to buy the younger Hamada brother's microbots krie
0%
No matching quizzes found
Score Distribution
Percent of People with Each Score
Percentile by Number Answered
Your Score History
You have not taken this quiz